FIFA world cup goalscorers - Statistics

General Stats
  • This quiz has been taken 121 times
    83 since last reset
  • The average score is 317 of 1349
Answer Stats
Hint Answer % Correct
2006-18 POR 7 Cristiano Ronaldo
100%
1998-06 BRA 15 Ronaldo
100%
1998 KOR 1 Ha Seok Ju
97%
1978 GER 2 Dieter Muller
94%
1970-74 GER 14 Gerd Muller
94%
1978 GER 1 Hansi Muller
94%
1970 ITA 3 Luigi Riva
94%
1958-70 BRA 12 Pele
94%
2010-14 GER 10 Thomas Muller
94%
1982 URS 1 Andrey Bal
91%
1966 PRK 1 Li Dong Woon
91%
2006-18 ARG 6 Lionel Messi
91%
2010-18 URU 7 Luis Suarez
91%
1998-06 FRA 6 Thierry Henry
91%
2014 CHI 2 Alexis Sanchez
88%
1958 PAR 1 Cayetano Re
88%
2006-10 CIV 2 Didier Drogba
88%
1982-94 ARG 8 Diego Maradona
88%
1986 ALG 1 Djamel Zidane
88%
1994 BOL 1 Erwin Sanchez
88%
1962 MEX 1 Hector Hernandez
88%
1986 MEX 1 Hugo Sanchez
88%
2010-18 MEX 4 Javier Hernandez
88%
1962 CHI 4 Leonel Sanchez
88%
1998 MEX 4 Luis Hernandez
88%
1990 BRA 2 Muller
88%
2006-14 NED 6 Robin Van Persie
88%
1998-06 FRA 5 Zinedine Zidane
88%
1998-06 ENG 3 David Beckham
84%
1994-02 ARG 10 Gabriel Batistuta
84%
2002-14 GER 16 Miroslav Klose
84%
2014-18 BRA 6 Neymar
84%
2002 BRA 2 Ronaldinho
84%
1998 CRO 6 Davor Suker
81%
1954 HUN 4 Ferenc Puskas
81%
2018 ENG 6 Harry Kane
81%
2018 FRA 4 Kylian Mbappe
81%
2018 CRO 2 Luka Modric
81%
1998-02 ENG 4 Michael Owen
81%
1978-86 FRA 5 Michel Platini
81%
2002 IRL 3 Robbie Keane
81%
2010 ESP 2 Andres Iniesta
78%
2006-14 NED 6 Arjen Robben
78%
2010-18 URU 5 Edinson Cavani
78%
2006 ITA 1 Francesco Totti
78%
2014 NED 1 Leroy Fer
78%
2018 EGY 2 Mohamed Salah
78%
1998-02 BRA 8 Rivaldo
78%
2006-10 ENG 3 Steven Gerrard
78%
1962-66 ENG 4 Bobby Charlton
75%
2006-14 ESP 9 David Villa
75%
2002-10 URU 6 Diego Forlan
75%
2018 BEL 3 Eden Hazard
75%
1998 FRA 2 Emmanuel Petit
75%
2006 ENG 1 Joe Cole
75%
1974 NED 3 Johan Cruyff
75%
1990-98 GER 11 Jurgen Klinsmann
75%
2002-10 USA 5 Landon Donovan
75%
1978-82 ITA 9 Paolo Rossi
75%
2006 GER 1 (OG) Petit
75%
2014-18 BEL 5 Romelu Lukaku
75%
2002 POR 1 Rui Costa
75%
2002-06 ITA 2 Alessandro Del Piero
72%
2002 PAR 1 (OG) | 2010 ESP 1 Carles Puyol
72%
1998 FRA 1 David Trezeguet
72%
1994 ITA 2 Dino Baggio
72%
2006-14 ESP 4 Fernando Torres
72%
1994 ROM 3 Gheorghe Hagi
72%
2014 COL 6 James Rodriguez
72%
1966 POR 3 Jose Torres
72%
1962 PAR 2 Juan Aguero
72%
2014-18 BEL 2 Kevin De Bruyne
72%
2014-18 FRA 2 Paul Pogba
72%
1990-98 ITA 9 Roberto Baggio
72%
1994 BRA 5 Romario
72%
2018 ARG 2 Sergio Aguero
72%
1982-86 BRA 4 Socrates
72%
2006 ITA 1 Andrea Pirlo
69%
1994-98 NED 6 Dennis Bergkamp
69%
2018 ESP 3 Diego Costa
69%
1966-70 GER 5 Franz Beckenbauer
69%
1986-90 ENG 10 Gary Lineker
69%
2002 USA 1 (OG) Jorge Costa
69%
1994 BUL 6 Khristo Stoichkov
69%
2010-14 GER 2 Mesut Ozil
69%
1986 KOR 1 Park Chang Sun
69%
2010 ARG 1 (OG) Park Chu-Young
69%
2010 KOR 1 Park Chu Young
69%
2002-10 KOR 3 Park Ji Sung
69%
2002-06 CRC 3 Ronald Gomez
69%
2014-18 KOR 3 Son Heung Min
69%
2006-14 ESP 2 Xabi Alonso
69%
2018 FRA 4 Antoine Griezmann
66%
1994-98 BRA 6 Bebeto
66%
1998 DEN 2 Brian Laudrup
66%
2006-10 ARG 3 Carlos Tevez
66%
2002 URU 1 Dario Rodriguez
66%
2018 CRO 1 Domagoj Vida
66%
1982 BRA 3 Falcao
66%
1962-66 BRA 5 Garrincha
66%
2006 BRA 1 Kaka
66%
2014 FRA 3 Karim Benzema
66%
2006-10 GER 5 Lukas Podolski
66%
2006 ARG 3 Maxi Rodriguez
66%
1986 DEN 2 Michael Laudrup
66%
2018 COL 1 Radamel Falcao
66%
1998-06 ESP 5 Raul
66%
1938 BRA 1 Roberto
66%
2006-14 AUS 5 Tim Cahill
66%
2014 ENG 1 Wayne Rooney
66%
2006 UKR 2 Andriy Shevchenko
63%
1998 NED 1 Edgar Davids
63%
1962 HUN 4 Florian Albert
63%
2006-14 BRA 2 Fred
63%
2010-14 ARG 5 Gonzalo Higuain
63%
2010-14 JAP 4 Keisuke Honda
63%
2014 POR 1 Nani
63%
1994 BEL 2 Philippe Albert
63%
1966 ENG 3 Roger Hunt
63%
1986-94 GER 8 Rudi Voller
63%
2002-10 CMR 3 Samuel Eto'o
63%
2006 BRA 2 Adriano
59%
2014-18 ARG 2 Angel Di Maria
59%
1966 POR 9 Eusebio
59%
2014 BRA 1 | 2018 BEL 1 (OG) Fernandinho
59%
1966-70 ENG 5 Geoff Hurst
59%
2018 CRO 1 Ivan Rakitic
59%
2014 CRC 1 Joel Campbell
59%
2006 TOG 1 Mohamed Kader
59%
2002 ENG 1 Sol Campbell
59%
2014-18 GER 3 Toni Kroos
59%
2014-18 SUI 4 Xherdan Shaqiri
59%
1978-82 BRA 5 Zico
59%
2018 FRA 1 Benjamin Pavard
56%
2014 URU 1 Diego Godin
56%
1994-02 ESP 5 Fernando Hierro
56%
2010 SUI 1 Gelson Fernandes
56%
2002-06 ARG 4 Hernan Crespo
56%
1950 BRA 2 Jair
56%
1930 USA 1 Jim Brown
56%
1986 ARG 1 Jose Luis Brown
56%
2006 ITA 2 Luca Toni
56%
2006 ITA 2 Marco Materazzi
56%
2018 RUS 1 Mario Fernandes
56%
2014 GER 2 Mario Gotze
56%
1978 ARG 6 Mario Kempes
56%
2006 POR 1 Nuno Gomes
56%
2014 FRA 1 Olivier Giroud
56%
1982 BRA 1 | 2014 BRA 2 Oscar
56%
1998 ENG 1 Paul Scholes
56%
2006 GER 1 Philipp Lahm
56%
1990-94 CMR 5 Roger Milla
56%
1990 NED 1 Ruud Gullit
56%
2018 SEN 1 Sadio Mane
56%
1958-62 BRA 9 Vava
56%
2010 CIV 1 Yaya Toure
56%
1998 ENG 2 Alan Shearer
53%
1998 ARG 2 Ariel Ortega
53%
2006-14 GHA 6 Asamoah Gyan
53%
2006 GER 2 Bastian Schweinsteiger
53%
2006 POR 1 Deco
53%
2014 BIH 1 Edin Dzeko
53%
2006 ITA 1 Filippo Inzaghi
53%
2006 FRA 1 Franck Ribery
53%
2014 COL 2 Jackson Martinez
53%
1998 FRA 1 Laurent Blanc
53%
2010 KOR 2 Lee Chung Yong
53%
2006 KOR 1 Lee Chun Soo
53%
2002 KOR 1 Lee Eul Yong
53%
2010 KOR 2 Lee Jung Soo
53%
2014 KOR 1 Lee Keun Ho
53%
1986 FRA 1 Luis Fernandez
53%
2014 ITA 1 Mario Balotelli
53%
2014-18 CRO 5 | 2018 FRA 1 (OG) Mario Mandzukic
53%
1998 NED 2 Patrick Kluivert
53%
2006 FRA 2 Patrick Vieira
53%
1938 CUB 1 Tomas Fernandez
53%
1950 PAR 1 Atilio Lopez
50%
1930 CHI 2 Carlos Vidal
50%
1998 PAR 1 Celso Ayala
50%
1950 PAR 1 Cesar Lopez Fretes
50%
1978 FRA 1 Christian Lopez
50%
1998 ARG 1 Claudio Lopez
50%
1950 URU 1 Ernesto Vidal
50%
2014-18 SUI 2 Granit Xhaka
50%
1994-06 SWE 5 Henrik Larsson
50%
2014-18 CRO 5 Ivan Perisic
50%
1970-74 BRA 9 Jairzinho
50%
1998 ARG 1 Javier Zanetti
50%
1998 FRA 2 Lilian Thuram
50%
2002 SEN 3 Papa Bouba Diop
50%
2006 ENG 1 Peter Crouch
50%
2018 BRA 2 Philippe Coutinho
50%
2006 ARG 1 Roberto Ayala
50%
2010 BRA 2 Robinho
50%
1974 ARG 1 Ruben Ayala
50%
2006 NED 1 Ruud Van Nistelrooy
50%
2010-14 NED 6 Wesley Sneijder
50%
1970 BRA 1 Carlos Alberto
47%
1998-02 ITA 9 Christian Vieri
47%
2006-14 USA 4 Clint Dempsey
47%
1998-02 ESP 5 Fernando Morientes
47%
2014 CIV 2 Gervinho
47%
1974-82 POL 10 Grzegorz Lato
47%
2014 USA 1 Jermaine Jones
47%
2010 PRK 1 Ji Yun Nam
47%
1986 ARG 4 Jorge Valdano
47%
2014 USA 1 Julian Green
47%
1986 KOR 1 Kim Jong Boo
47%
2018 KOR 1 Kim Young Gwon
47%
1966-70 ENG 2 Martin Peters
47%
2002 GER 3 Michael Ballack
47%
2002-06 POR 4 Pedro Pauleta
47%
2018 POR 1 Pepe
47%
2018 POR 1 Ricardo Quaresma
47%
2002 BRA 1 Roberto Carlos
47%
1994 USA 1 (OG) Andres Escobar
44%
2014 NED 1 Daley Blind
44%
2018 ENG 1 Dele Alli
44%
2018 RUS 4 | 2018 URU 1 (OG) Denis Cheryshev
44%
2010 NED 1 Dirk Kuyt
44%
1986 ESP 5 Emilio Butragueno
44%
2002 TUR 1 Hakan Sukur
44%
1998 NOR 1 Havard Flo
44%
2018 ENG 1 Jesse Lingard
44%
2002-10 DEN 5 Jon Dahl Tomasson
44%
2010-14 NED 2 Klaas-Jan Huntelaar
44%
1986-94 GER 6 Lothar Matthaus
44%
1998 CHI 4 Marcelo Salas
44%
2018 GER 1 Marco Reus
44%
2014-18 ARG 2 Marcos Rojo
44%
2018 PER 1 Paolo Guerrero
44%
2006-14 MEX 3 Rafael Marquez
44%
2002 ENG 1 Rio Ferdinand
44%
1970-74 BRA 6 Roberto Rivellino
44%
2010-14 GER 2 Sami Khedira
44%
2014-18 BRA 2 Thiago Silva
44%
2006 CZE 2 Tomas Rosicky
44%
1998 NOR 1 Tore Andre Flo
44%
2010 URU 1 Alvaro Pereira
41%
1998 GER 1 Andreas Moller
41%
2014 CRC 2 Bryan Ruiz
41%
1990 COL 1 Carlos Valderrama
41%
1994-98 ARG 4 Claudio Caniggia
41%
2010 FRA 1 Florent Malouda
41%
2014 GRE 1 Georgios Samaras
41%
2006 ITA 1 Gianluca Zambrotta
41%
2006 ARG 1 Javier Saviola
41%
1986-90 ARG 3 Jorge Burruchaga
41%
2014-18 COL 2 Juan Cuadrado
41%
1958 FRA 13 Just Fontaine
41%
1934 NED 1 Kick Smit
41%
2010 BRA 3 Luis Fabiano
41%
2014-18 BEL 2 Marouane Fellaini
41%
2010 GER 2 Mats Hummels
41%
2010 URU 1 Maxi Pereira
41%
2014 NED 2 Memphis Depay
41%
1982 ARG 1 Osvaldo Ardiles
41%
1998 DEN 1 Peter Moller
41%
2018 BRA 1 Renato Augusto
41%
2002 PAR 1 Roque Santa Cruz
41%
2018 BEL 1 Adnan Januzaj
38%
1986-90 GER 4 Andreas Brehme
38%
1994 BRA 1 Branco
38%
2014 ENG 1 Daniel Sturridge
38%
2014 BRA 2 David Luiz
38%
1986 URU 1 Enzo Francescoli
38%
2006 ARG 1 Esteban Cambiasso
38%
2010 NED 1 Giovanni Van Bronckhorst
38%
1938 SWE 3 Harry Andersson
38%
2006 AUS 1 Harry Kewell
38%
2018 ENG 1 Harry Maguire
38%
2018 MEX 1 Hirving Lozano
38%
2006 CZE 1 Jan Koller
38%
2010 ENG 1 Jermaine Defoe
38%
1994 COL 1 John Lozano
38%
1974-78 NED 7 Johnny Rep
38%
1970 MEX 1 Jose Luis Gonzalez
38%
1950-54 URU 5 Juan Schiaffino
38%
1950 URU 1 Julio Perez
38%
1958 AUT 1 Karl Koller
38%
1994 SWE 5 Kennet Andersson
38%
2014 CRO 1 (OG) Marcelo
38%
1962 COL 1 Marcos Coll
38%
2010 CHI 1 Mark Gonzalez
38%
1998-02 GER 4 Oliver Bierhoff
38%
1990 CRC 1 Ronald Gonzalez
38%
1950 SWE 2 Sune Andersson
38%
1966-70 BRA 3 Tostao
38%
2018 COL 3 Yerry Mina
38%
1978-82 POL 6 Zbigniew Boniek
38%
1994 ARG 1 Abel Balbo
34%
1950 BRA 8 Ademir
34%
1994 COL 2 Adolfo Valencia
34%
2014-18 NGR 4 Ahmed Musa
34%
1950 URU 4 Alcides Ghiggia
34%
1958 URS 1 Aleksandr Ivanov
34%
2014 GER 3 Andre Schurrle
34%
1962 ITA 1 Bruno Mora
34%
2018 DEN 1 Christian Eriksen
34%
2006 AUS 1 Craig Moore
34%
1998-10 MEX 3 Cuahtemoc Blanco
34%
1978-82 ARG 4 Daniel Bertoni
34%
2010 ITA 1 Daniele De Rossi
34%
1978-82 ARG 3 Daniel Passarella
34%
1954-58 BRA 3 Didi
34%
2014 ECU 3 Enner Valencia
34%
2006 ITA 1 Fabio Grosso
34%
2010 ARG 1 Gabriel Heinze
34%
2014 MEX 1 Giovani Dos Santos
34%
1930 ARG 8 Guillermo Stabile
34%
1954-58 GER 10 Helmut Rahn
34%
2002 MEX 2 Jared Borgetti
34%
1974 NED 5 Johan Neeskens
34%
1986 DEN 1 John Eriksen
34%
1962 CHI 2 Jorge Toro
34%
1966 POR 3 Jose Augusto
34%
1982 HUN 1 Jozsef Varga
34%
2010 BRA 1 Juan
34%
1982 BRA 1 | 2002 BRA 1 Junior
34%
2018 ENG 1 Kieran Trippier
34%
1934-38 BRA 8 Leonidas
34%
1978 ARG 4 Leopoldo Luque
34%
1930 CHI 1 (OG) | 1930 MEX 2 Manuel Rosas
34%
1998 NED 1 Marc Overmars
34%
2010 ARG 1 Martin Palermo
34%
2018 ESP 1 Nacho
34%
2002-06 CRC 3 Paolo Wanchope
34%
2018 BRA 1 Paulinho
34%
1986 DEN 4 Preben Elkjaer Larsen
34%
1954-58 FRA 4 Raymond Kopa
34%
2018 FRA 1 Samuel Umtiti
34%
1954 HUN 11 Sandor Kocsis
34%
2018 JAP 1 Shinji Kagawa
34%
1990-94 SWE 4 Tomas Brolin
34%
1958-62 URS 5 Valentin Ivanov
34%
2006-10 ITA 2 Vincenzo Iaquinta
34%
2002-06 ECU 3 Agustin Delgado
31%
2018 RUS 1 Aleksandr Golovin
31%
2014 GHA 2 Andre Ayew
31%
2018 CRO 1 Ante Rebic
31%
2018 RUS 3 Artem Dzyuba
31%
1930 USA 4 Bert Patenaude
31%
1998 FRA 1 Bixente Lizarazu
31%
1986-90 BRA 7 Careca
31%
1930 ARG 3 Carlos Peucelle
31%
2018 MEX 1 Carlos Vela
31%
1986 ITA 1 (OG) Cho Kwang Rae
31%
1954 GER 3 Fritz Walter
31%
2018 ARG 1 Gabriel Mercado
31%
1970-74 ITA 3 Gianni Rivera
31%
1930 URU 2 Hector Castro
31%
1962 MEX 1 Isidoro Diaz
31%
1970 MEX 2 Javier Valdivia
31%
1982 ESP 1 Jesus Maria Zamora
31%
1962 ENG 1 Jimmy Greaves
31%
2018 ENG 2 John Stones
31%
2014 CHI 1 Jorge Valdivia
31%
1978-86 GER 9 Karl-Heinz Rummenigge
31%
2010 GHA 1 Kevin-Prince Boateng
31%
1954 AUT 1 (OG) Luis Cruz
31%
1962-70 URU 2 Luis Cubilla
31%
1994 MEX 2 Luis Garcia
31%
1982 ELS 1 Luis Ramirez Zapata
31%
2010 ENG 1 Matthew Upson
31%
1950-54 URU 2 Obdulio Varela
31%
1950-54 URU 8 Oscar Miguez
31%
1954 GER 4 Ottmar Walter
31%
1930 URU 2 Pablo Dorado
31%
1974-82 GER 4 Paul Breitner
31%
1986 ARG 1 Pedro Pasculli
31%
1998 NED 2 Phillip Cocu
31%
1982 ARG 1 Ramon Diaz
31%
2018 BRA 1 Roberto Firmino
31%
1998 NED 2 Ronald De Boer
31%
1982 PER 1 Ruben Diaz
31%
1990 ITA 6 Salvatore Schillaci
31%
2014 POR 1 Silvestre Varela
31%
2010 RSA 1 Siphiwe Tshabalala
31%
2014 COL 1 Teofilo Gutierrez
31%
1974 NED 1 Theo De Jong
31%
2018 DEN 1 Yussuf Poulsen
31%
1954 HUN 3 Zoltan Czibor
31%
2002-06 KOR 3 Ahn Jung Hwan
28%
2006 ITA 1 Alberto Gilardino
28%
1982-86 ITA 5 Alessandro Altobelli
28%
2006 SUI 2 Alexander Frei
28%
1962 BRA 3 Amarildo
28%
2002 GER 1 Bernd Schneider
28%
2014 FRA 1 Blaise Matuidi
28%
2006 CIV 1 Bonaventure Kalou
28%
1982 ENG 2 Bryan Robson
28%
2014 ITA 1 Claudio Marchisio
28%
1990 URU 1 Daniel Fonseca
28%
1990 ENG 3 David Platt
28%
1978 NED 1 Dick Nanninga
28%
1982 BRA 2 Eder
28%
2018 SWE 1 (OG) Edson Alvarez
28%
2002 ENG 1 Emile Heskey
28%
2018 PAN 1 Felipe Baloy
28%
2006 MEX 1 Francisco Fonseca
28%
1938 ITA 4 Gino Colaussi
28%
1934-38 ITA 3 Giuseppe Meazza
28%
1930 CHI 2 Guillermo Subiabre
28%
2014 ALG 2 Islam Slimani
28%
1962 CHI 2 Jaime Ramirez
28%
1986-90 BEL 4 Jan Ceulemans
28%
2014-18 BEL 2 Jan Vertonghen
28%
1986 FRA 2 Jean-Pierre Papin
28%
1958 PAR 2 Jorge Romero
28%
1958 BRA 2 Jose Altafini
28%
1986 PAR 2 Julio Cesar Romero
28%
2006 BRA 1 Juninho
28%
1978-82 SCO 2 Kenny Dalglish
28%
1966 ARG 3 Luis Artime
28%
1930 ARG 2 Luis Monti
28%
1930 PAR 1 Luis Vargas Pena
28%
2010 BRA 1 Maicon
28%
1982 ITA 2 Marco Tardelli
28%
1990 ENG 1 Mark Wright
28%
2002 CRC 1 Mauricio Wright
28%
1954 GER 6 Max Morlock
28%
2018 SEN 1 MBaye Niang
28%
1974 ARG 1 Miguel Brindisi
28%
2014-18 AUS 3 Mile Jedinak
28%
1934-38 CZE 7 Oldrich Nejedly
28%
1994 RUS 6 Oleg Salenko
28%
1958 ARG 3 Oreste Corbatta
28%
1930 URU 5 Pedro Cea
28%
1934 ITA 3 Raimundo Orsi
28%
1974-78 ARG 4 Rene Houseman
28%
1994 SWE 1 Roger Ljung
28%
1990 NED 1 Ronald Koeman
28%
2010 CIV 1 Salomon Kalou
28%
1966 ITA 1 Sandro Mazzola
28%
1938 ITA 5 Silvio Piola
28%
2014 NED 1 Stefan De Vrij
28%
1970-78 PER 10 Teofilo Cubillas
28%
1958-70 GER 9 Uwe Seeler
28%
1998 FRA 1 Youri Djorkaeff
28%
1950 ESP 4 Zarra
28%
1930 ARG 2 Adolfo Zumelzu
25%
2002 URU 1 Alvaro Recoba
25%
2018 PER 1 Andre Carrillo
25%
2018 CRO 1 Andrej Kramaric
25%
2010 ITA 1 Antonio Di Natale
25%
2006 CIV 2 Aruna Dindane
25%
1998 NED 1 Boudewijn Zenden
25%
2006 PAR 1 (OG) Brent Sancho
25%
2006 ECU 2 Carlos Tenorio
25%
2014 CHI 1 Charles Aranguiz
25%
1998 ENG 1 Darren Anderton
25%
2014-18 BEL 2 Dries Mertens
25%
2014 CHI 1 Eduardo Vargas
25%
2010 BRA 2 Elano
25%
1986-90 BEL 3 Enzo Scifo
25%
1966 ARG 1 Ermindo Onega
25%
1938 POL 4 Ernst Wilimowski
25%
1962 PAR 2 Florencio Amarilla
25%
2006 SWE 1 Fredrik Ljungberg
25%
2014 NED 1 Georginio Wijnaldum
25%
2002 SEN 2 Henri Camara
25%
2002 JAP 1 Hidetoshi Nakata
25%
2018 ESP 1 Isco
25%
2002-14 CRO 2 Ivica Olic
25%
1986 DEN 3 Jesper Olsen
25%
1954 SUI 6 Josef Hugi
25%
1962 CZE 1 Josef Masopust
25%
2018 URU 1 Jose Gimenez
25%
1994 ESP 1 Josep Guardiola
25%
1962 ARG 1 Jose Sanfilippo
25%
2014-18 COL 2 Juan Quintero
25%
1998 ITA 1 Luigi Di Biagio
25%
2010 GER 1 Marcell Jansen
25%
2014 CRC 1 Marco Urena
25%
1930 ARG 1 Mario Evaristo
25%
1958-62 BRA 2 Mario Zagallo
25%
2010 ARG 1 Martin Demichelis
25%
2018 BEL 1 Nacer Chadli
25%
2010 DEN 1 Nicklas Bendtner
25%
1998 MEX 2 Ricardo Pelaez
25%
1930 URU 2 Santos Iriarte
25%
2014 ARG 1 (OG) Sead Kolasinac
25%
2014 GRE 1 Sokratis Papastathopoulos
25%
2006-10 GHA 2 Sulley Muntari
25%
2018 JAP 2 Takashi Inui
25%
2018 TUN 2 Wahbi Khazri
25%
2010 NGR 1 Yakubu Aiyegbeni
25%
2010 JAP 1 Yasuhito Endo
25%
1934 EGY 2 Abdulrahman Fawzi
22%
1982 FRA 3 Alain Giresse
22%
1998 NGR 1 (OG) Andoni Zubizarreta
22%
1934 ITA 4 Angelo Schiavio
22%
2018 SRB 1 Ante Mitrovic
22%
1934 CZE 2 Antonin Puc
22%
1994 NED 1 Aron Winter
22%
1950-54 BRA 3 Baltazar
22%
1982 ITA 1 Bruno Conti
22%
1954 URU 4 Carlos Borges
22%
2006 ENG 1 (OG) Carlos Gamarra
22%
2010 PAR 1 Cristian Riveros
22%
1978 ESP 1 Dani
22%
2014 BEL 1 Divock Origi
22%
1954 BRA 1 Djalma Santos
22%
2002 ECU 1 Edison Mendez
22%
2002 BRA 1 Edmilson
22%
1934 GER 4 Edmund Conen
22%
1962 CHI 2 Eladio Rojas
22%
2018 SWE 1 Emil Forsberg
22%
1994 NGR 2 Emmanuel Amunike
22%
1966 MEX 1 Enrique Borja
22%
1954 AUT 6 Erich Probst
22%
2010 ITA 1 Fabio Quagliarella
22%
1994 NGR 1 Finidi George
22%
2006 ANG 1 Flavio
22%
1930 ARG 1 Francisco Varallo
22%
1950 BRA 1 Friaca
22%
1970 BRA 1 Gerson
22%
2006 BRA 1 Gilberto
22%
1998 CRO 1 Goran Vlaovic
22%
2002 TUR 2 Hasan Sas
22%
1962 ARG 1 Hector Facundo
22%
1938 CUB 3 Hector Socorro
22%
2018 ESP 1 Iago Aspas
22%
1934 ESP 1 Isidro Langara
22%
2018 POL 1 Jan Bednarek
22%
2010-14 CHI 2 Jean Beausejour
22%
1958 WAL 1 John Charles
22%
2002 PAR 1 Jorge Campos
22%
2014 ESP 1 Juan Mata
22%
2010 NGR 2 Kalu Uche
22%
1958 ARG 1 Ludovico Avio
22%
2006 POR 2 Maniche
22%
1986 MEX 1 Manuel Negrete
22%
1998-02 BEL 5 Marc Wilmots
22%
1934 AUT 1 Matthias Sindelar
22%
1998 ARG 1 Mauricio Pineda
22%
1954 HUN 4 Nandor Hidegkuti
22%
1958 BRA 1 Nilton Santos
22%
1958 ARG 1 Norberto Menendez
22%
2006 MEX 2 Omar Bravo
22%
1986 ARG 1 Oscar Ruggeri
22%
1990 ARG 1 Pedro Monzon
22%
1990 ARG 1 Pedro Troglio
22%
2018 FRA 1 Raphael Varane
22%
2010 CHI 1 Rodrigo Millar
22%
1994 KSA 1 Saeed Al-Owairan
22%
2010-14 JAP 2 Shinji Okazaki
22%
2002 KOR 1 Song Chong Gug
22%
1950 SWE 3 Stig Sundqvist
22%
2018 BEL 1 Thomas Meunier
22%
2006 SUI 1 Tranquillo Barnetta
22%
1982 ENG 2 Trevor Francis
22%
2006 BRA 1 Ze Roberto
22%
1950 BRA 2 Zizinho
22%
1978 ARG 1 Alberto Tarantini
19%
1930 ARG 1 Alejandro Scopelli
19%
2018 SRB 1 Aleksandar Kolarov
19%
1982 ITA 1 Antonio Cabrini
19%
1978 MEX 1 Arturo Vazquez Ayala
19%
2006 CIV 1 Bakari Kone
19%
1994 NED 1 Bryan Roy
19%
1974 ARG 1 Carlos Babington
19%
1998 FRA 1 Christophe Dugarry
19%
2002 IRL 1 Damien Duff
19%
1982 FRA 2 Didier Six
19%
2002 POL 1 Emmanuel Olisadebe
19%
2010 PAR 1 Enrique Vera
19%
1966 HUN 4 Ferenc Bene
19%
2018 POL 1 Grzegorz Krychowiak
19%
1950 MEX 1 Hector Ortiz
19%
1974 ARG 2 Hector Yazalde
19%
1986 FRA 1 Jean Tigana
19%
1974-82 SCO 4 Joe Jordan
19%
2014 CMR 1 Joel Matip
19%
1950 USA 1 Joe Maca
19%
1966 URU 1 Julio Cesar Cortes
19%
1982 HUN 3 Laszlo Kiss
19%
1930 PER 1 Luis Souza Ferreira
19%
1994 SWE 4 Martin Dahlin
19%
1998 DEN 1 Martin Jorgensen
19%
2018 DEN 1 Mathias Jorgensen
19%
2014 FRA 1 Mathieu Valbuena
19%
2010 USA 1 Michael Bradley
19%
2014 FRA 1 Moussa Sissoko
19%
2002-06 PAR 3 Nelson Cuevas
19%
1966 PRK 1 Pak Doo Ik
19%
1966 PRK 2 Pak Seung Zin
19%
1930 URU 3 Peregrino Anselmo
19%
1982-90 GER 3 Pierre Littbarski
19%
1966 ESP 1 Pirri
19%
1998 CRO 1 Robert Jarni
19%
1970 ITA 2 Roberto Boninsegna
19%
1986 PAR 2 Roberto Cabanas
19%
1990-98 YUG & CRO 3 Robert Prosinecki
19%
1974-78 NED 6 Rob Rensenbrink
19%
1974 BUL 1 (OG) | 1974 NED 1 Ruud Krol
19%
2006 UKR 1 Serhiy Rebrov
19%
2006 JAP 1 Shunsuke Nakamura
19%
2006 MEX 1 Sinha
19%
1954-58 ENG 2 Tom Finney
19%
2014 CIV 2 Wilfred Bony
19%
2018 CRC 1 (OG) Yann Sommer
19%
1994 BUL 2 Yordan Letchkov
19%
1962 BRA 1 Zito
19%
1934 ARG 1 Alberto Galateo
16%
1970 ENG 1 Allan Clarke
16%
1978 HUN 1 Andras Toth
16%
2018 SWE 2 Andreas Granqvist
16%
1930 FRA 2 Andre Maschinot
16%
2014 MEX 1 Andres Guardado
16%
1974-82 POL 7 Andrzej Szarmach
16%
2010 GER 1 Arne Friedrich
16%
2006 POL 2 Bartosz Bosacki
16%
1998-02 RSA 2 Benni McCarthy
16%
1978 AUT 1 (OG) Berti Vogts
16%
2014-18 SUI 2 Blerim Dzemaili
16%
2010 AUS 2 Brett Holman
16%
1998-02 USA 3 Brian McBride
16%
1998 BRA 3 Cesar Sampaio
16%
1950 BRA 4 Chico
16%
1986 NIR 1 Colin Clarke
16%
2006 USA 1 (OG) Cristian Zaccardo
16%
1978 BRA 3 Dirceu
16%
1998 DEN 1 Ebbe Sand
16%
1934 ARG 1 Ernesto Belis
16%
1974 ITA 1 Fabio Capello
16%
1934 ITA 2 Giovanni Ferrari
16%
1970 MEX 1 Gustavo Pena
16%
1930 URU 1 Hector Scarone
16%
1954-58 FRA 2 Jean Vincent
16%
2006 AUS 1 John Aloisi
16%
2014 USA 1 John Brooks
16%
1998 PAR 1 Jose Cardozo
16%
1934 AUT 1 Josef Bican
16%
2014 FRA 1 (OG) Joseph Yobo
16%
1954 HUN 1 | 1982 HUN 1 Jozsef Toth
16%
1930 MEX 1 Juan Carreno
16%
2002 JAP 2 Junichi Inamoto
16%
2014 KOR 1 Koo Ja Cheol
16%
2002 RSA 1 Lucas Radebe
16%
1930 FRA 1 Lucien Laurent
16%
1994-98 ESP 2 Luis Enrique
16%
1986 MEX 1 Luis Flores
16%
1986 FRA 1 Manuel Amoros
16%
2002 POL 1 Marcin Zewlakow
16%
2002 IRL 1 Matt Holland
16%
1982 FRA 1 Maxime Bossis
16%
1990 IRL 1 Niall Quinn
16%
2006 CRO 1 Niko Kovac
16%
2018 CRO 1 (OG) Oghenekaro Etebo
16%
2014 COL 1 Pablo Armero
16%
2002 RSA 1 Quinton Fortune
16%
1994 IRL 1 Ray Houghton
16%
1978 NED 1 Rene Van De Kerkhof
16%
2002 URU 1 Richard Morales
16%
2010 SVK 4 Robert Vittek
16%
1990 CRC 1 Roger Flores
16%
1994-06 KSA 3 Sami Al-Jaber
16%
2006 GHA 1 Stephen Appiah
16%
1998 NGR 1 Sunday Oliseh
16%
2018 SEN 1 (OG) Thiago Cionek
16%
1982 HUN 2 Tibor Nyilasi
16%
1990 CZE 5 Tomas Skuhravy
16%
1978 NED 1 Willy Van De Kerkhof
16%
1994 NED 2 Wim Jonk
16%
1966 GER 1 Wolfgang Weber
16%
2014 ALG 1 Yacine Brahimi
16%
2018 MAR 1 Youssef En-Nesyri
16%
1998 MAR 2 Abdeljalil Hadda
13%
2014 ALG 2 Abdelmoumene Djabou
13%
1970 ENG 1 Alan Mullery
13%
1966 ESP 1 Amancio
13%
1934-38 SUI 4 Andre Abegglen
13%
2014 GRE 1 Andreas Samaris
13%
2010 PAR 1 Antolin Alcaraz
13%
1982 CZE 2 Antonin Panenka
13%
1934 AUT 1 Anton Schall
13%
1978 NED 2 Arie Haan
13%
2018 FRA 1 (OG) Aziz Behich
13%
1930 USA 1 Bart McGhee
13%
1982-86 FRA 3 Bernard Genghini
13%
1978 GER 1 Bernd Holzenbein
13%
1958 SCO 1 Bobby Collins
13%
1990 USA 1 Bruce Murray
13%
2014 HON 1 Carlo Costly
13%
1986 POR 1 Carlos Manuel
13%
2002 GER 1 Carsten Jancker
13%
1970 BRA 1 Clodoaldo
13%
1998 SCO 1 Craig Burley
13%
1994 NGR 2 Daniel Amokachi
13%
1994 ITA 1 Daniele Massaro
13%
2006 CRO 1 Darijo Srna
13%
2010 GRE 1 Dimitris Salpingidis
13%
1978-86 FRA 4 Dominique Rocheteau
13%
1998 BUL 1 Emil Kostadinov
13%
1974 HAI 2 Emmanuel Sanon
13%
2002 TUR 1 Emre Belozoglu
13%
1934 ITA 1 Enrico Guaita
13%
1994 USA 1 Eric Wynalda
13%
1982 ITA 1 Francesco Graziani
13%
1950 USA 1 Frank Wallace
13%
1986 BEL 1 Franky Vercauteren
13%
2018 JAP 1 Genki Haraguchi
13%
1994 BEL 1 Georges Grun
13%
1966 BUL 1 Georgi Asparukhov
13%
1962 COL 1 German Aceros
13%
1982 NIR 3 Gerry Armstrong
13%
1982 SCO 1 Graeme Souness
13%
1958 SWE 1 Gunnar Gren
13%
2018 ICE 1 Gylfi Sigurdsson
13%
2014 SUI 1 Haris Seferovic
13%
1970 PER 1 Hector Chumpitaz
13%
1966 GER 6 Helmut Haller
13%
1994 KOR 2 Hong Myung Bo
13%
2010 POR 1 Hugo Almeida
13%
1994-02 KOR 2 Hwang Sun Hong
13%
1986 URS 4 Igor Belanov
13%
1994 ROM 2 Ilie Dumitrescu
13%
2006 ECU 1 Ivan Kaviedes
13%
1958 SCO 1 Jimmy Murray
13%
1950 USA 1 Joe Gaetjens
13%
1998 SCO 1 John Collins
13%
1982 SCO 1 John Robertson
13%
1986 BRA 2 Josimar
13%
1954 URU 3 Juan Hohberg
13%
1954 BRA 2 Julinho
13%
1954 URU 2 Julio Cesar Abbadie
13%
1986-94 ESP 3 Julio Salinas
13%
1974 GDR 1 Jurgen Sparwasser
13%
2018 IRI 1 Karim Ansarifard
13%
2010 RSA 1 Katlego Mphela
13%
1974-78 POL 4 Kazimierz Deyna
13%
1986 GER 2 Klaus Allofs
13%
1958 SWE 4 Kurt Hamrin
13%
2010 POR 1 Liedson
13%
1934 ESP 1 Luis Regueiro
13%
1930 FRA 1 Marcel Langiller
13%
2006 SWE 1 Marcus Allback
13%
1998 CRO 1 Mario Stanic
13%
1982 FRA 1 Marius Tresor
13%
1974 GDR 1 Martin Hoffmann
13%
1990 ESP 4 Michel
13%
2018 BEL 1 Michy Batshuayi
13%
1998 PAR 1 Miguel Angel Benitez
13%
2018 CRO 1 Milan Badelj
13%
2002 SLO 1 Milenko Acimovic
13%
2018 SEN 1 Moussa Wague
13%
1998 MAR 1 Mustapha Hadji
13%
1998 NGR 1 Mutiu Adepoju
13%
1954 ENG 3 Nat Lofthouse
13%
1978 BRA 2 Nelinho
13%
1958 SWE 2 Nils Liedholm
13%
1986 NIR 1 Norman Whiteside
13%
2002-06 GER 2 Oliver Neuville
13%
2014 MEX 1 Oribe Peralta
13%
1982 ENG 1 Paul Mariner
13%
1966 URU 1 Pedro Rocha
13%
1986 ENG 1 Peter Beardsley
13%
1958 NIR 5 Peter McParland
13%
2006 SUI 1 Philippe Senderos
13%
1974 ITA 1 Pietro Anastasi
13%
1954 BRA 2 Pinga
13%
1930 BRA 3 Preguinho
13%
1994 BRA 1 Rai
13%
1994 NGR 1 Rashidi Yekini
13%
2010 POR 1 Raul Meireles
13%
2014 IRI 1 Reza Ghoochannejhad
13%
1966 BRA 1 Rildo
13%
1978 ITA 2 Roberto Bettega
13%
1978 BRA 3 Roberto Dinamite
13%
1958 FRA 3 Roger Piantoni
13%
2010 CIV 1 Romaric
13%
1966 CHI 2 Ruben Marcos
13%
2018 KSA 1 Salem Al-Dawsari
13%
2002 SEN 1 Salif Diao
13%
1994 KOR 1 Seo Jung Won
13%
2010 NZL 1 Shane Smeltz
13%
2006-10 POR 2 Simao
13%
2014 ALG 1 Sofiane Feghouli
13%
2006 IRI 1 Sohrab Bakhtiarizadeh
13%
1950 ENG 1 Stan Mortensen
13%
2002 JAP 1 Takayuki Suzuki
13%
1970 ITA 1 Tarcisio Burgnich
13%
1954 AUT 3 Theodor Wagner
13%
2010 POR 2 Tiago
13%
1930 USA 1 Tom Florie
13%
1998 AUT 1 Toni Polster
13%
1974 GER 1 Uli Hoeness
13%
2018 NGR 1 Victor Moses
13%
1962 URS 2 Viktor Ponedelnik
13%
1950 ENG 1 Wilf Mannion
13%
2010 NZL 1 Winston Reid
13%
1970-74 GER 3 Wolfgang Overath
13%
1966 PRK 1 Yang Seung Kook
13%
1998-02 KOR 2 Yoo Sang Chul
13%
1962 ESP 1 Adelardo
9%
1962 CZE 3 Adolf Scherer
9%
1958 SWE 4 Agne Simonsson
9%
1970 PER 2 Alberto Gallardo
9%
1994-98 MEX 2 Alberto Garcia Aspe
9%
1934 USA 1 Aldo Donelli
9%
1990 ITA 1 Aldo Serena
9%
2014 RUS 1 Aleksandr Kokorin
9%
1962 MEX 1 Alfredo Del Aguila
9%
1998 DEN 1 Allan Nielsen
9%
2002 SWE 1 Anders Svensson
9%
1998 AUT 1 Andreas Herzog
9%
1950 CHI 1 Andres Prieto
9%
1962 URU 1 Angel Cabrera
9%
1962 COL 1 Antonio Rada
9%
1966 POR 1 Antonio Simoes
9%
1978 SCO 2 Archie Gemmill
9%
1950 CHI 2 Atilio Cremaschi
9%
1978 FRA 1 Bernard Lacombe
9%
1934 BEL 2 Bernard Voorhoof
9%
2010 RSA 1 Bongani Khumalo
9%
2010 GER 1 Cacau
9%
1954 ITA 1 Carlo Galli
9%
1978 PER 1 Cesar Cueto
9%
1986 KOR 1 Choi Soon Ho
9%
2010 NED 1 (OG) Daniel Agger
9%
1994-98 ROM 2 Dan Petrescu
9%
1954 ENG 1 Dennis Wilshaw
9%
2018 TUN 1 Dylan Bronn
9%
1950 ESP 4 Estanislao Basora
9%
1950 CHI 1 Fernando Riera
9%
1994 ROM 4 Florin Raducioiu
9%
2002 PAR 1 Francisco Arce
9%
1978 ITA 1 Franco Causio
9%
1934 CZE 1 Frantisek Svoboda
9%
1994 KSA 2 Fuad Amin
9%
2002 ESP 1 Gaizka Mendieta
9%
1950 CHI 1 George Robledo
9%
1962 BUL 1 Georgi Sokolov
9%
1966 FRA 1 Gerard Hausser
9%
1982 FRA 1 Gerard Soler
9%
1954 ITA 1 Giampiero Boniperti
9%
1950 USA 1 Gino Pariani
9%
1986 SCO 1 Gordon Strachan
9%
2006 GHA 1 Haminu Draman
9%
1954-58 GER 7 Hans Schafer
9%
1966 FRA 1 Hector De Bourgoing
9%
1954 BEL 1 Henri Coppens
9%
1950 MEX 1 Horacio Casarin
9%
1962 GER 1 Horst Szymaniak
9%
2002 TUR 3 Ilhan Mansiz
9%
1954 GER 1 (OG) Ivan Horvat
9%
1930 YUG 3 Ivica Bek
9%
1998 AUT 1 Ivica Vastic
9%
1954 ENG 2 Ivor Broadis
9%
1958 MEX 1 Jaime Belmonte
9%
1954 URU 1 Javier Ambrois
9%
1970 MEX 1 Javier Fragoso
9%
1954 BEL 1 (OG) Jimmy Dickinson
9%
1934 CZE 1 Jiri Sobotka
9%
1934 AUT 2 Johann Horvath
9%
1994 IRL 1 John Aldridge
9%
1958 ENG 1 Johnny Haynes
9%
1982 SCO 2 John Wark
9%
1962 CZE 1 Josef Kadraba
9%
1954 MEX 1 Jose Luis Lamadrid
9%
1958 PAR 2 Jose Parodi
9%
1962 URU 2 Jose Sasia
9%
1962 CZE 1 Jozef Stibranyi
9%
1958 HUN 1 Jozsef Bozsik
9%
1970 MEX 1 Juan Basaguren
9%
1982 ESP 1 | 2006 ESP 1 Juanito
9%
1978 ESP 1 Juan Manuel Asensi
9%
2002 NGR 1 Julius Aghahowa
9%
1950 SWE 3 Karl-Erik Palmer
9%
1934 AUT 1 Karl Sesta
9%
1934 AUT 1 Karl Zischek
9%
2006 JAP 1 Keiji Tamada
9%
1970-74 BUL 2 Khristo Bonev
9%
1998 ESP 1 Kiko
9%
1994-98 NOR 2 Kjetil Rekdal
9%
1982 GER 2 Klaus Fischer
9%
1986 HUN 1 Lajos Detari
9%
1954 TUR 2 Lefter Kucukandonyadis
9%
1954 BEL 3 Leopold Anoul
9%
1934 SUI 3 Leopold Kielholz
9%
2018 SWE 1 Ludwig Augustinsson
9%
1990 EGY 1 Magdi Abdelghani
9%
1950 BRA 1 Maneca
9%
1966 ESP 1 Manuel Sanchis
9%
2010 SRB 1 Marko Pantelic
9%
1958 FRA 2 Maryan Wisnieski
9%
1990 CZE 2 Michal Bilek
9%
1954 HUN 2 Mihaly Lantos
9%
2010 SRB 1 Milan Jovanovic
9%
1990 CZE 1 Milan Luhovy
9%
2014 BIH 1 Miralem Pjanic
9%
2002 SWE 1 Niclas Alexandersson
9%
2018 SWE 1 Ola Toivonen
9%
1982-86 URS 2 Oleg Blokhin
9%
2014 CRC 1 Oscar Duarte
9%
1990 URU 1 Pablo Bengoechea
9%
1998-02 CMR 2 Patrick M'Boma
9%
2002 POL 1 Pawel Kryszalowicz
9%
1954 HUN 2 Peter Palotas
9%
1998 FRA 1 (OG) Pierre Issa
9%
1998 NED 1 Pierre Van Hooijdonk
9%
1938 ITA 1 Pietro Ferraris
9%
1998 YUG 1 Predrag Mijatovic
9%
1982 ALG 1 Rabah Madjer
9%
2014 ALG 1 Rafik Halliche
9%
1974 ARG 1 Ramon Heredia
9%
1970 BEL 2 Raoul Lambert
9%
1954 FRA 1 (OG) Raul Cardenas
9%
1978 BRA 1 Reinaldo
9%
1998 JAM 1 Robbie Earle
9%
2010 SLO 1 Robert Koren
9%
1930 MEX 1 Roberto Gayon
9%
1962 ENG 2 Ron Flowers
9%
1998 MAR 2 Salaheddine Bassir
9%
2002 KOR 1 Seol Ki Hyeon
9%
1982 BRA 2 Serginho
9%
1998 RSA 2 Shaun Bartlett
9%
1994 SUI 1 Stephane Chapuisat
9%
1950 YUG 1 Stjepan Bobek
9%
1998 DEN 1 Thomas Helveg
9%
2002 GER 1 Thomas Linke
9%
1998 NGR 1 Tijani Babangida
9%
1970 BUL 1 Todor Kolev
9%
1954 MEX 1 Tomas Balcazar
9%
1998 BRA 1 (OG) Tom Boyd
9%
2006 GER 1 Torsten Frings
9%
1962 CZE 1 Vaclav Masek
9%
2002 RUS 1 Valeriy Karpin
9%
2010 SLO 1 Valter Birsa
9%
1970 URU 1 Victor Esparrago
9%
1998 NGR 1 Victor Ikpeba
9%
1998 ROM 2 Viorel Moldovan
9%
1970 BEL 2 Wilfried Van Moer
9%
1990 NED 1 Wim Kieft
9%
2006 IRI 1 Yahya Golmohammadi
9%
2006 KSA 1 Yasser Al-Qahtani
9%
2018 JAP 1 Yuya Osako
9%
1958 FRA 1 Yvon Douis
9%
1958 CZE 4 Zdenek Zikan
9%
2006 TUN 1 Ziad Jaziri
9%
1986 MAR 2 Abderrazak Khairi
6%
1982 KUW 1 Abdullah Al-Buloushi
6%
1930 ROM 1 Adalbert Desu
6%
2014 SUI 1 Admir Mehmedi
6%
2018 RUS 1 (OG) Ahmed Fathi
6%
1982 FRA 1 Alain Couriol
6%
1962 GER 1 Albert Brulls
6%
1958 YUG 2 Aleksandar Petakovic
6%
1930 YUG 1 Aleksandar Tirnanic
6%
1986-90 URS 2 Aleksandr Zavarov
6%
1962 URS 1 Aleksey Mamykin
6%
1982 BEL 1 Alex Czerniatynski
6%
1938 SUI 1 Alfred Bickel
6%
2018 ICE 1 Alfred Finnbogason
6%
1954-58 AUT 3 Alfred Korner
6%
1950 BRA 1 Alfredo
6%
1954 GER 1 Alfred Pfaff
6%
1978 TUN 1 Ali Kaabi
6%
1954 ITA 1 Amleto Frignani
6%
1966 URS 1 Anatoliy Banishevskiy
6%
1970 URS 4 Anatoliy Byshovets
6%
1986 ESP 1 Andoni Goikoetxea
6%
1978 SCO 1 (OG) Andranik Eskandarian
6%
1986 URU 1 Antonio Alzamendi
6%
1982 HON 1 Antonio Laing
6%
1938 NOR 1 Arne Brustad
6%
1970 BUL 1 Asparukh Nikodimov
6%
2018 IRI 1 (OG) Aziz Bouhaddouz
6%
1954 ITA 1 Benito Lorenzi
6%
1954 GER 1 Bernhard Klodt
6%
2002 POR 1 Beto
6%
1930 YUG 1 Blagoje Marjanovic
6%
1974 YUG 1 Branko Oblak
6%
1954 YUG 1 Branko Zebec
6%
1954 TUR 3 Burhan Sargun
6%
2002 USA 1 Clint Mathis
6%
1974 GDR 1 (OG) Colin Curran
6%
1994 BUL 1 Daniel Borimirov
6%
1986 BEL 1 Danny Veyt
6%
2002-10 DEN 2 Dennis Rommedahl
6%
1958 ENG 2 Derek Kevan
6%
1970 BUL 1 Dinko Dermendzhiev
6%
1970 BUL 1 Dobromir Zhechev
6%
1974 YUG 1 Dragan Dzajic
6%
1990-98 YUG 3 Dragan Stojkovic
6%
1962 YUG 4 Drazan Jerkovic
6%
1986 BRA 1 Edinho
6%
1966 URS 3 Eduard Malofeyev
6%
1950-54 ITA 2 Egisto Pandolfini
6%
1938 FRA 1 Emile Veinante
6%
1950 ITA 1 Ermes Muccinelli
6%
1978 ITA 1 (OG) | 1978 NED 2 Ernie Brandts
6%
1934 GER 2 Ernst Lehner
6%
1954 AUT 2 Ernst Ocwirk
6%
1954 AUT 3 Ernst Stojaspal
6%
1954 TUR 1 Erol Keskin
6%
1982-86 BEL 2 Erwin Vandenbergh
6%
1990 CMR 1 Eugene Ekeke
6%
1938 SUI 1 Eugen Walaschek
6%
1994 KSA 1 Fahad Al-Ghesheyan
6%
1982 KUW 1 Faisal Al-Dakhil
6%
2018 TUN 1 Fakhreddine Ben Youssef
6%
2018 TUN 1 Ferjani Sassi
6%
1962 COL 1 Francisco Zuluaga
6%
1990-94 CMR 2 Francois Omam-Biyik
6%
1990 COL 1 Freddy Rincon
6%
1954 ITA 1 Fulvio Nesti
6%
2002 IRL 1 Gary Breen
6%
1994 NED 1 Gaston Taument
6%
1994 SUI 1 Georges Bregy
6%
1934 FRA 1 Georges Verriest
6%
2002 MEX 1 Gerardo Torrado
6%
1962 ENG 1 Gerry Hitchens
6%
1962 ITA 2 Giacomo Bulgarelli
6%
1990 ITA 1 Giuseppe Giannini
6%
1938 SWE 3 Gustav Wetterstrom
6%
1934-38 HUN 6 Gyorgy Sarosi
6%
1938 HUN 5 Gyula Zsengeller
6%
1998 IRI 1 Hamid Estili
6%
1958 GER 1 Hans Cieslarczyk
6%
1978-82 AUT 5 Hans Krankl
6%
1994 MAR 1 Hassan Nader
6%
1978 IRI 1 Hassan Rowshan
6%
1982 HON 1 Hector Zelaya
6%
1978 GER 2 Heinz Flohe
6%
1938 BEL 1 Henri Isemborghs
6%
1994 COL 1 Hernan Gaviria
6%
1990 CRC 1 Hernan Medford
6%
2002 JAP 1 Hiroaki Morishima
6%
1970 MAR 1 Houmane Jarir
6%
1990 KOR 1 Hwangbo Kwan
6%
1962-66 URS 4 Igor Chislenko
6%
1990 URS 1 Igor Dobrovolski
6%
1970 URU 1 Ildo Maneiro
6%
1994 ESP 2 Ion Andoni Goikoetxea
6%
1978 IRI 1 Iraj Danaeifard
6%
1938 ROM 1 Iuliu Baratky
6%
1966 HUN 1 (OG) Ivan Davidov
6%
1990 CZE 1 Ivan Hasek
6%
1958 WAL 2 Ivor Allchurch
6%
1958 SCO 1 Jackie Mudie
6%
1950-54 SUI 3 Jacques Fatton
6%
2006 TUN 1 Jawhar Mnari
6%
1934-38 FRA 3 Jean Nicolas
6%
1974 POL 1 Jerzy Gorgon
6%
1954 ENG 1 Jimmy Mullen
6%
1958 CZE 1 Jiri Feureisl
6%
1974 GDR 2 Joachim Streich
6%
1962 ESP 1 Joaquin Peiro
6%
2014 POR 1 (OG) John Boye
6%
2002 USA 1 John O'Brien
6%
1938 GER 1 Josef Gauchel
6%
1938 CZE 1 Josef Kostalek
6%
1938 CZE 1 Josef Zeman
6%
1938 CUB 1 Jose Magrina
6%
1950 BRA 1 (OG) Jose Parra
6%
1978 PER 1 Jose Velasquez
6%
2018 SUI 1 Josip Drmic
6%
1962 YUG 1 Josip Skoblar
6%
1982 ENG 1 (OG) Jozef Barmos
6%
1958 HUN 1 Jozsef Bencsics
6%
2002 ESP 1 Juan Carlos Valeron
6%
1990 CRC 1 Juan Cayasso
6%
1970 URU 1 Juan Mujica
6%
1986 ESP 1 Juan Senor
6%
1974 GER 1 Jurgen Grabowski
6%
1970 URS 1 Kakhi Asatiani
6%
2010 SVK 1 Kamil Kopunek
6%
1994 GER 1 Karl-Heinz Riedle
6%
1970 GER 1 Karl-Heinz Schnellinger
6%
1934 GER 2 Karl Hohmann
6%
1958 HUN 1 Karoly Sandor
6%
2018 CRC 1 Kendall Waston
6%
1990 IRL 1 Kevin Sheedy
6%
2018 MAR 1 Khalid Boutaib
6%
2002 SEN 1 Khalilou Fadiga
6%
1950 YUG 2 Kosta Tomasevic
6%
1986 MAR 1 Krimau
6%
1970 CZE 2 Ladislav Petras
6%
1958-62 HUN 7 Lajos Tichy
6%
1982 ALG 1 Lakhdar Belloumi
6%
1934 NED 1 Leen Vente
6%
1990 BEL 1 Leo Clijsters
6%
1966 GER 1 Lothar Emmerich
6%
1990 CZE 1 Lubos Kubik
6%
1998 BEL 1 Luc Nilis
6%
1982 BEL 1 Ludo Coeck
6%
2006 UKR 1 Maksym Kalynychenko
6%
1970 MAR 1 Maouhoub Ghazouani
6%
1978 FRA 1 Marc Berdoll
6%
1994-98 BEL 2 Marc Degryse
6%
1994 MEX 1 Marcelino Bernal
6%
1994 BRA 1 Marcio Santos
6%
1962 COL 1 Marino Klinger
6%
1998 IRI 1 Mehdi Mahdavikia
6%
1990 BEL 1 Michel De Wolf
6%
1958 CZE 2 Milan Dvorak
6%
1962 YUG 3 Milan Galic
6%
2002 CRO 1 Milan Rapaic
6%
1954 YUG 1 Milos Milutinovic
6%
1930 BRA 2 Moderato
6%
1994 MAR 1 Mohammed Chaouch
6%
1978 TUN 1 Mokhtar Dhouieb
6%
1954 TUR 1 Mustafa Ertan
6%
1986-94 BUL 2 Nasko Sirakov
6%
1978 TUN 1 Nejib Ghommidh
6%
1986 BEL 3 Nico Claesen
6%
2006 SRB 1 Nikola Zigic
6%
2014 FRA 1 (OG) Noel Valladares
6%
1938 FRA 1 Oscar Heisserer
6%
1934 GER 1 Otto Siffling
6%
1966 ITA 1 Paolo Barison
6%
1990 USA 1 Paul Caligiuri
6%
1938 BRA 3 Peracio
6%
1986 BUL 1 Plamen Getov
6%
2006 TUN 1 Radhi Jaidi
6%
1958 YUG 1 Radivoje Ognjanovic
6%
1974 GER 1 Rainer Bonhof
6%
1950 YUG 1 Rajko Mitic
6%
2002 TUN 1 Raouf Bouzaiene
6%
1978 ITA 1 Renato Zaccarelli
6%
1950 SUI 1 Rene Bader
6%
1982 FRA 1 Rene Girard
6%
1974 URU 1 Ricardo Pavoni
6%
1950 ITA 2 Riccardo Carapellese
6%
1954 SUI 4 Robert Ballaman
6%
1970 PER 1 Roberto Challe
6%
1962 SUI 1 Rolf Wuthrich
6%
1938 BRA 3 Romeu
6%
1978 GER 1 Rudiger Abramczik
6%
1934 GER 1 Rudolf Noack
6%
1982 ALG 2 Salah Assad
6%
1958 SCO 1 Sammy Baird
6%
1994 NGR 1 Samson Siasia
6%
2002 SLO 1 Sebastjan Cimirotic
6%
1986 URS 1 Sergey Aleinikov
6%
1974 CHI 1 Sergio Ahumada
6%
1966 GER 1 Sigfried Held
6%
1950 ESP 2 Silestre Igoa
6%
1938 ROM 1 Silviu Bindea
6%
1998 GER 1 (OG) | 1998 YUG 1 Sinisa Mihajlovic
6%
2002 RSA 1 Siyabonga Nomvethe
6%
1986 DEN 1 Soren Lerby
6%
1934 GER 1 Stanislaus Kobierski
6%
1934-38 ROM 3 Stefan Dobay
6%
1986 BEL 1 Stephane Demol
6%
2018 SUI 1 Steven Zuber
6%
1954 TUR 3 Suat Mamat
6%
1934-38 SWE 3 Sven Jonasson
6%
1982 ALG 1 Tedj Bensaoula
6%
1958 WAL 1 Terry Medwin
6%
1950 YUG 1 Tihomir Ognjanov
6%
1958 YUG 3 Todor Veselinovic
6%
1994 ESP 1 Txiki Begiristiain
6%
2002 TUR 2 Umit Davala
6%
1990 GER 1 Uwe Bein
6%
1958 CZE 2 Vaclav Hovorka
6%
1974 BRA 1 Valdomiro
6%
1966 URS 4 Valeriy Porkuyan
6%
2010 GRE 1 Vasilis Torosidis
6%
2014 BIH 1 Vedad Ibisevic
6%
2002 RUS 1 Vladimir Beschastnykh
6%
1982 YUG 1 Vladimir Petrovic
6%
1938 CZE 1 Vlastimil Kopecky
6%
2002 BEL 1 Wesley Sonck
6%
1958 NIR 1 Wilbur Cush
6%
1938 GER 1 Wilhelm Hahnemann
6%
1934 SUI 1 Willy Jaeggi
6%
1998 NGR 1 Wilson Oruma
6%
2002 CRC 1 Winston Parks
6%
1982-86 POL 2 Wlodzimierz Smolarek
6%
1986 FRA 2 Yannick Stopyra
6%
1998 NOR 1 (OG) Youssef Chippo
6%
1998 KSA 1 Yousuf Al-Thunayan
6%
2018 RUS 1 Yury Gazinsky
6%
1958 YUG 1 Zdravko Rajkov
6%
1950 YUG 2 Zeljko Cajkovski
6%
1994 SUI 2 Adrian Knup
3%
1986 IRQ 1 Ahmed Amaiesh Radhi
3%
1994 SUI 1 Alain Sutter
3%
1982 URS 1 Aleksandr Chivadze
3%
2014 RUS 1 Aleksandr Kerzhakov
3%
1970 ROM 1 Alexandru Neagu
3%
1990 UAE 1 Ali Thani Jumaa
3%
1958 URS 2 Anatoliy Ilyin
3%
1990 AUT 1 Andreas Ogris
3%
1990 URS 1 Andrey Zygmantovich
3%
2006 UKR 1 Andriy Rusol
3%
1982 POL 1 Andrzej Buncol
3%
1970 ITA 1 Angelo Domenghini
3%
1938 SWE 3 Arne Nyberg
3%
2014 BIH 1 Avdija Vrsajevic
3%
1990 COL 2 Bernardo Redin
3%
1974 GER 1 Bernhard Cullmann
3%
1982 NIR 2 Billy Hamilton
3%
1950 SWE 1 Bror Mellberg
3%
1982 AUT 1 Bruno Pezzey
3%
1950 SUI 1 Charles Antenen
3%
1930 ROM 1 Constantin Stanciu
3%
1998 NOR 1 Dan Eggen
3%
1990 YUG 2 Darko Pancev
3%
1994 CMR 1 David Embe
3%
1982 SCO 1 David Narey
3%
1990 YUG 2 Davor Jozic
3%
1986 POR 1 Diamantino
3%
1930 YUG 2 Djordje Vujadinovic
3%
2002 RUS 1 Dmitriy Sychev
3%
1974 YUG 3 Dusan Bajevic
3%
1994 USA 1 Earnie Stewart
3%
1986 ESP 1 Eloy
3%
1970 ROM 1 Emerich Dembrovschi
3%
1990 CMR 1 Emmanuel Kunde
3%
1978 AUT 1 Erich Obermayer
3%
1962 HUN 1 Erno Solymosi
3%
1938 GER 1 (OG) Ernst Lortscher
3%
1986 MEX 2 Fernando Quirarte
3%
1970 ROM 2 Florea Dumitrache
3%
1938 POL 1 Fryderyk Scherfke
3%
1982 HUN 2 Gabor Poloskei
3%
1990 ROM 2 Gavril Balint
3%
1998 ESP 1 (OG) Georgi Bachev
3%
1990 AUT 1 Gerhard Rodax
3%
1934-38 HUN 3 Geza Toldi
3%
1934 SWE 1 Gosta Dunker
3%
1982 CMR 1 Gregoire M'Bida
3%
1982 PER 1 Guillermo La Rosa
3%
1982 CHI 1 Gustavo Moscoso
3%
1994 SWE 1 Håkan Mild
3%
1950 SWE 2 Hasse Jeppson
3%
1962 SUI 1 Heinz Schneiter
3%
1982 GER 1 Horst Hrubesch
3%
1986 KOR 1 Huh Jung Moo
3%
1974 YUG 1 Ilija Petkovic
3%
1982 YUG 1 Ivan Gudelj
3%
1966 POR 1 (OG) Ivan Vutsov
3%
1986 URS 1 Ivan Yaremchuk
3%
1974 YUG 2 Ivica Surjak
3%
1966 HUN 1 Janos Farkas
3%
1982 POL 1 Janusz Kupcewicz
3%
1970 ITA 1 (OG) Javier Guzman
3%
1986 FRA 1 Jean-Marc Ferreri
3%
2002 POR 1 (OG) Jeff Agoos
3%
1934 HUN 1 Jeno Vincze
3%
2002 BEL 1 Johan Walem
3%
1934 ESP 2 Jose Iraragorri
3%
1994 ESP 3 Jose Luis Caminero
3%
1998 CHI 1 Jose Luis Sierra
3%
1966 ESP 1 Josep Maria Fuste
3%
1974 YUG 1 Josip Katalinski
3%
1982 CHI 1 Juan Carlos Letelier
3%
1966 HUN 2 Kalman Meszoly
3%
1978 HUN 1 Karoly Csapo
3%
1990 UAE 1 Khalid Ismail Mubarak
3%
1982 URS 1 Khoren Oganesian
3%
1934 SWE 1 Knut Kroon
3%
1986 URS 1 (OG) Laszlo Dajka
3%
1982 HUN 2 Laszlo Fazekas
3%
1982 HUN 1 Lazar Szentes
3%
1998 COL 1 Leider Preciado
3%
1958 SWE 1 Lennart Skoglund
3%
2002 GER 1 Marco Bode
3%
1998 DEN 1 Marc Rieper
3%
1990 ROM 2 Marius Lacatus
3%
1986 HUN 1 Marton Esterhazy
3%
1998 JAP 1 Masashi Nakayama
3%
1982 CHI 1 Miguel Angel Neira
3%
1990 SCO 1 Mo Johnston
3%
1930 ROM 1 Nicolae Kovacs
3%
1958 URS 1 Nikita Simonyan
3%
1990 URS 1 Oleg Protasov
3%
1934 HUN 1 Pal Teleki
3%
1938 HUN 2 Pal Titkos
3%
1990 BEL 1 Patrick Vervoort
3%
1986 URS 1 Pavel Yakovenko
3%
1962 YUG 1 Petar Radakovic
3%
1974 SCO 1 Peter Lorimer
3%
2014 NGR 1 Peter Odemwingie
3%
2002 BEL 1 Peter Van Der Heyden
3%
1998 CMR 1 Pierre Njanka
3%
1982 URS 1 Ramaz Shengelia
3%
1986 ESP 2 Ramon Caldere
3%
1986 MEX 1 Raul Servin
3%
1970 GER 1 Reinhard Libuda
3%
1982 AUT 1 Reinhold Hintermaier
3%
1966 SUI 1 Rene-Pierre Quentin
3%
1954 GER 1 Richard Herrmann
3%
1974 ITA 1 (OG) Roberto Perfumo
3%
1974-78 ITA 2 Romeo Benetti
3%
2018 KSA 1 Salman Al-Faraj
3%
1978 HUN 1 Sandor Zombori
3%
2006 SRB 1 Sasa Ilic
3%
2018 ESP 1 (OG) Sergei Ignashevich
3%
1982 URS 1 Sergey Baltacha
3%
1986 URS 1 Sergey Rodionov
3%
1998 TUN 1 Skander Souayah
3%
1974 YUG 2 Stanislav Karasi
3%
1982 POL 1 Stefan Majewski
3%
1982 SCO 1 Steve Archibald
3%
1982 NZL 1 Steve Sumner
3%
1982 NZL 1 Steve Wooddin
3%
1938 HUN 1 (OG) Sven Jacobsson
3%
2002 RSA 1 Teboho Mokoena
3%
1998 JAM 2 Theodore Whitmore
3%
1938 SWE 1 Tore Keller
3%
1986 URS 1 Vasiliy Rats
3%
1978 MEX 1 Victor Rangel
3%
1938 HUN 1 Vilmos Kohut
3%
1970 URS 1 Vitaliy Khmelnitsky
3%
1974 YUG 1 Vladislav Bogicevic
3%
1962 YUG 1 Vojislav Melic
3%
1978-82 AUT 3 Walter Schachner
3%
1982 POL 1 Wlodzimierz Ciolek
3%
2018 PAN 1 (OG) Yassine Meriah
3%
2002 RUS 1 Yegor Titov
3%
1982 URS 1 Yuriy Gavrilov
3%
2010 SLO 1 Zlatan Ljubijankic
3%
1998 ROM 1 Adrian Ilie
0%
1990 ESP 1 Alberto Gorriz
0%
2002 TUR 1 Bulent Korkmaz
0%
1974 SWE 1 Conny Torstensson
0%
1994 RUS 1 Dmitriy Radchenko
0%
1982 ESP 1 Enrique Saura
0%
1990 SWE 1 Glenn Stromberg
0%
1990 SWE 1 Johnny Ekstrom
0%
1970 ISR 1 Mordechai Spiegler
0%
1970 SWE 1 Ove Grahn
0%
1974 SWE 4 Ralf Edstrom
0%
1982 ESP 1 Roberto Lopez Ufarte
0%
1974 SWE 2 Roland Sandberg
0%
1990 YUG 1 Safet Susic
0%
1998 YUG 2 Slobodan Komljenovic
0%
1990 SCO 1 Stuart McCall
0%
1978 SWE 1 Thomas Sjoberg
0%
1970 SWE 1 Tom Turesson
0%
1982 GER 1 Uwe Reinders
0%
No matching quizzes found
Score Distribution
Percent of People with Each Score
Percentile by Number Answered
Your Score History
You have not taken this quiz since the last reset